| 000 | 01291nam a2200265 a 4500 | ||
|---|---|---|---|
| 001 | 40718 | ||
| 003 | BD-RjUL | ||
| 005 | 20211209053253.0 | ||
| 008 | 160509s1965 bg ||||| |||| 00| 0 ben d | ||
| 020 | _c: PRs 1.00 (v-3) | ||
| 020 | _c: PRs 25.00 (v-2) | ||
| 035 | _a(BD-RjUL)40833 | ||
| 040 |
_aBD-RjUL _bben _cBD-RjUL |
||
| 041 | _aben | ||
| 082 |
_223 _a297.122 _bQUR 1965-1978 |
||
| 245 | 0 | 0 |
_aকুরআনুল করীম / _cঅনুবাদ ও সম্পাদনা শামসুল ওলামা বেলায়েত হোসেন , শামসুল ওলামা মুহম্মদ আমীন আব্বাসী |
| 260 |
_aঢাকা : _bইসলামিক ফাউণ্ডেশন, _c১৯৬৫ [১৩৭১] |
||
| 300 |
_a খণ্ড ; _c২৫ সেমি. |
||
| 505 | 0 | _aখণ্ড ৩ -- খণ্ড ২ -- | |
| 650 |
_aQuran _9125283 |
||
| 650 |
_aকুরআন _9125284 |
||
| 700 |
_a হোসেন, শামসুল ওলামা বেলায়েত, অনুবাদ ও সম্পাদনা _9125285 |
||
| 700 |
_aআব্বাসী, শামসুল ওলামা মুহম্মদ আমীন, অনুবাদ ও সম্পাদনা _9125286 |
||
| 942 |
_2ddc _cBK |
||
| 999 |
_c40718 _d40718 |
||